000 02812cam a22003612 b4500
001 8569689
003 OSt
005 20150408114103.0
006 m d
007 cr n
008 100819e20100820njua s|||||||| 2|eng|d
020 _a9789048192571
020 _a9048192579 (Trade Cloth)
_cUSD 269.00 Retail Price (Publisher)
024 3 _a9789048192571
035 _a(WaSeSS)ssj0000449622
037 _a9048192579
_b00024965
040 _aBIP US
_dWaSeSS
050 4 _aQD901
082 0 0 _a548.84
_222
_bBEH
100 1 _aBoldyreva, Elena
_eEditor
_4edt
_918293
210 1 0 _aHigh-Pressure Crystallography
245 1 0 _aHigh-Pressure Crystallography
_h[electronic resource]:
_bFrom Fundamental Phenomena to Technological Applications
260 _aNew York :
_bSpringer
_cAug. 2010
440 0 _aNATO Science for Peace and Security Series B: Physics and Biophysics Ser.
_918294
506 _aLicense restrictions may limit access.
520 8 _aAnnotation
_bThis book is devoted to the theme of crystallographic studies at high pressure, with emphasis on the phenomena characteristic to the compressed state of matter, as well as experimental and theoretical techniques, used to study these phenomena. As a thermodynamic parameter, pressure is remarkable in many ways. It spans in the visible universe over sixty orders of magnitude, from the non-equilibrium pressure of hydrogen in intergalactic space, to the kind of pressure encountered within neutron stars. In laboratory, it provides unique possibility to control structure and properties of materials, dramatically alter electronic properties, break existing, or form new chemical bonds. This agenda naturally encompasses elements of physics (properties, structure and transformations), chemistry (reactions, transport), materials science (new materials) and engineering (mechanical properties); in addition it has direct applications and implications for geology (minerals in deep Earth environments), planetary sciences, biology and medicine (deep sea ecosystems, membranes, protein and nucleic acid folding, origins of life, deactivation of viruses and toxins). Beyond its specificity, high-pressure science finds direct or indirect (e.g. economic) applications in several fields of modern technology, such as mechanical engineering, optoelectronics and spintronics, nanotechnology, pharmaceutical industry and food processing.
521 _aScholarly & Professional
_bSpringer
700 1 _aDera, Przemyslaw
_eEditor
_4edt
_918295
773 0 _tSpringerLink ebooks - Physics and Astronomy (2010)
856 4 0 _uhttp://www.columbia.edu/cgi-bin/cul/resolve?clio8569689
_zFull text available from SpringerLink ebooks - Physics and Astronomy (2010)
910 _aBowker Global Books in Print record
942 _2ddc
_cDVD
999 _c26425
_d260925